[Event "New York Manhattan"]
[Site "New York"]
[Date "1990.??.??"]
[Round "3"]
[White "Wojtkiewicz, Aleksander"]
[Black "Brooks, Michael A"]
[Result "1-0"]
[WhiteElo "2550"]
[BlackElo "2460"]

1.Nf3 g6 2.c4 Bg7 3.d4 d6 4.g3 Nf6 5.Bg2 O-O 6.Nc3 Nbd7 7.O-O e5 8.h3 Re8
9.e4 b6 10.Bg5 h6 11.Be3 Bb7 12.d5 Nc5 13.Nd2 a5 14.a3 Nfd7 15.b4 Nd3 16.Qb3 axb4
17.axb4 c5 18.dxc6 Rxa1 19.Rxa1 Bxc6 20.Ne2 Nf4 21.gxf4 exf4 22.Bd4 Bxd4
23.Nxd4 Qf6 24.Qc3 g5 25.Ra3 Bb7 26.Nf5 Ne5 27.Qd4 Rd8 28.Qxb6 Bc8 29.Ra8 Kh7
30.Nf3 Nxc4 31.Qc7  1-0

[Event "New York op"]
[Site "New York"]
[Date "1990.??.??"]
[Round "4"]
[White "Friedman, Aviv"]
[Black "Wojtkiewicz, Aleksander"]
[Result "0-1"]
[WhiteElo "2350"]
[BlackElo "2550"]

1.Nf3 c5 2.c4 Nf6 3.Nc3 e6 4.g3 b6 5.Bg2 Bb7 6.O-O a6 7.b3 d6 8.d4 cxd4 9.Qxd4 Nbd7
10.Rd1 Be7 11.e4 Qc8 12.Bb2 O-O 13.h3 Rd8 14.Qe3 Qc7 15.Nd4 Rac8 16.f4 Bf8
17.Qe2 g6 18.Nf3 Bg7 19.Rd2 Nc5 20.Nh2 Qb8 21.Rad1 Ne8 22.f5 Qc7 23.fxe6 fxe6
24.Qg4 Qe7 25.Rf1 Nd7 26.Na4 b5 27.Bxg7 Kxg7 28.cxb5 axb5 29.Nb2 Ne5 30.Qf4 Nf6
31.Nd3 Nxd3 32.Rxd3 Rc2 33.Rd2 e5 34.Qe3 Rxd2 35.Qxd2 Nxe4 36.Qe3 Nf6 37.Bxb7 Qxb7
38.Qg5 Qa7+ 39.Kh1 Rf8 40.Ng4 Qb7+ 41.Kg1 Qb6+ 42.Kg2 Qc6+ 43.Kg1 Qc5+ 44.Rf2 Ng8
45.Qe3 Qxe3 46.Nxe3 Nf6 47.a4 bxa4 48.bxa4 Ra8 49.Ra2 d5 50.a5 Kf7 51.a6 Ra7
52.Nc2 Ng8 53.Ra5 Ne7 54.Nb4 Ke6 55.Rb5 Kd6 56.Rb6+ Kc5 57.Rb7 Nc8 58.Rb8 Nd6
59.Nd3+ Kd4 60.Nb4 Kc4 61.Nc6 Rxa6 62.Nxe5+ Kc3 63.Rh8 Nc4 64.Nf3 h5 65.g4 hxg4
66.hxg4 d4 67.Rf8 d3 68.g5 d2 69.Nxd2 Kxd2 70.Rf6 Rd6 71.Kf2 Rxf6+ 72.gxf6 Ne5  0-1

[Event "New York Manhattan"]
[Site "New York"]
[Date "1990.??.??"]
[Round "5"]
[White "Fishbein, Alexander"]
[Black "Wojtkiewicz, Aleksander"]
[Result "1-0"]
[WhiteElo "2470"]
[BlackElo "2550"]

1.e4 c5 2.Nf3 d6 3.d4 cxd4 4.Nxd4 Nf6 5.Nc3 a6 6.Be2 e5 7.Nb3 Be7 8.O-O O-O
9.Be3 Be6 10.Nd5 Bxd5 11.exd5 Nbd7 12.Qd2 Qc7 13.Rfd1 g6 14.c4 b6 15.f3 Rfe8
16.Rac1 Bf8 17.Na1 a5 18.Nc2 Nh5 19.Na3 Nc5 20.g3 f5 21.Nb5 Qf7 22.Nc3 Nf6
23.Re1 h5 24.Qc2 e4 25.f4 Ng4 26.Bxg4 hxg4 27.Re2 Bg7 28.Nb5 Qd7 29.b3 Kf7
30.Rb1 Rh8 31.a3 Ra6 32.Nd4 Bf6 33.Nc6 Qc7 34.Rd1 Nd3 35.Qb1 Raa8 36.Rdd2 Rh3
37.b4 axb4 38.axb4 Ra1 39.Qxa1 Bxa1 40.Ra2 Bc3 41.Ra7 Qxa7 42.Nxa7 Bxb4 43.Kf1 g5
44.fxg5 Rh8 45.Bxb6 Kg6 46.Nc6 Bc5 47.Bd8 e3 48.Bf6 Ra8 49.Ne7+ Kh5 50.g6 f4
51.gxf4 Rb8 52.Bc3 Bd4 53.Be1 Nxf4 54.Rxe3 Nxg6 55.Re4 Nxe7 56.Rxd4 Rb2 57.Rd2 Rb1
58.Ke2 Rc1 59.Rd4 Nf5 60.Rf4 Kg5 61.Bd2 Rc2 62.Re4+ Kh4 63.Kd3 Ra2 64.Re6 g3
65.hxg3+ Kxg3 66.Ke4  1-0

[Event "New York op"]
[Site "New York"]
[Date "1990.??.??"]
[Round "6"]
[White "Byrne, Robert E"]
[Black "Wojtkiewicz, Aleksander"]
[Result "1/2-1/2"]
[WhiteElo "2460"]
[BlackElo "2550"]

1.e4 c5 2.Nf3 d6 3.d4 cxd4 4.Nxd4 Nf6 5.Nc3 a6 6.Be2 e6 7.O-O Be7 8.f4 O-O
9.Bf3 Qc7 10.Be3 Re8 11.Qd2 e5 12.Nf5 Bxf5 13.exf5 Nbd7 14.Nd5 Nxd5 15.Bxd5 Nf6
16.Bb3 d5 17.fxe5 Bc5 18.Bxc5 Qxc5+ 19.Qf2  1/2-1/2

[Event "New York Manhattan"]
[Site "New York"]
[Date "1990.??.??"]
[Round "7"]
[White "Abramovic, Bosko"]
[Black "Wojtkiewicz, Aleksander"]
[Result "1-0"]
[WhiteElo "2495"]
[BlackElo "2550"]

1.e4 c5 2.d3 Nc6 3.g3 g6 4.Bg2 Bg7 5.f4 d6 6.Nf3 e5 7.c3 Nge7 8.O-O O-O 9.Be3 b6
10.Qd2 Ba6 11.c4 b5 12.cxb5 Bxb5 13.Nc3 exf4 14.gxf4 Ba6 15.Rf2 Nd4 16.f5 gxf5
17.Bh6 Nxf3+ 18.Rxf3 fxe4 19.Bxg7 Kxg7 20.Rh3 Ng8 21.Bxe4 f5 22.Qg2+ Kh8
23.Bxa8 Qxa8 24.Qxa8 Rxa8 25.Re1 Rd8 26.Nd5  1-0

[Event "New York Manhattan"]
[Site "New York"]
[Date "1990.??.??"]
[Round "9"]
[White "Ginsburg, Mark"]
[Black "Wojtkiewicz, Aleksander"]
[Result "1/2-1/2"]
[WhiteElo "2400"]
[BlackElo "2550"]

1.d4 Nf6 2.c4 c5 3.d5 d6 4.Nc3 g6 5.e4 Bg7 6.f3 O-O 7.Bg5 e6 8.Qd2 exd5 9.cxd5 Re8
10.Nge2 Na6 11.Ng3 Nc7 12.Be2 a6 13.a4 Rb8 14.a5 Bd7 15.O-O Bb5 16.Na4 Bxe2
17.Nxe2 Nb5 18.Rac1 h6 19.Bxh6 Bxh6 20.Qxh6 Qxa5 21.Nac3 Nxc3 22.Rxc3 Qb5
23.Ng3 Nh7 24.f4 Qxb2 25.Rfc1 Kh8 26.e5 Qd2 27.Nf5 gxf5 28.Rh3 Qxc1+ 29.Kf2 Qd2+
30.Kf1 Qd1+ 31.Kf2 Qd4+ 32.Kf1 Qc4+ 33.Kf2 Qc2+ 34.Kf1 Qd1+ 35.Kf2 Qd2+ 36.Kf1  1/2-1/2

[Event "New York op"]
[Site "New York"]
[Date "1990.??.??"]
[Round "9"]
[White "San Segundo, Pablo"]
[Black "Wojtkiewicz, Aleksander"]
[Result "0-1"]
[WhiteElo "2405"]
[BlackElo "2550"]

1.d4 Nf6 2.Nf3 e6 3.c4 c5 4.d5 d6 5.Nc3 exd5 6.cxd5 g6 7.e4 Bg7 8.h3 O-O
9.Bd3 a6 10.a4 Nh5 11.O-O Nd7 12.Bg5 Bf6 13.Bh6 Re8 14.Qd2 Bg7 15.Bg5 Qc7
16.Rfe1 Rb8 17.Bf1 Ne5 18.Nxe5 Bxe5 19.g4 Nf6 20.Bh6 Bd7 21.Bg2 b5 22.axb5 Bxb5
23.Kh1 Qb6 24.Bf4 Bd4 25.Be3 Bd7 26.Bxd4 cxd4 27.Nd1 Bb5 28.f4 Nd7 29.Rc1 Nc5
30.Rxc5 Qxc5 31.e5 Bc4 32.Nf2 Bxd5 33.Bxd5 Qxd5+ 34.Ne4 dxe5 35.Kh2 Rb6 36.f5 Qb3
37.Re2 Rc8 38.Kg2 d3 39.f6 dxe2 40.Qh6 e1=N+ 41.Kg1 Nf3+ 42.Kg2 Rc2+  0-1

[Event "Novi Sad ol (Men)"]
[Site "Novi Sad"]
[Date "1990.??.??"]
[Round "1"]
[White "Hellers, Ferdinand"]
[Black "Wojtkiewicz, Aleksander"]
[Result "1-0"]
[WhiteElo "2520"]
[BlackElo "2515"]

1.e4 c5 2.Nf3 d6 3.d4 cxd4 4.Nxd4 Nf6 5.Nc3 a6 6.Be3 e6 7.g4 h6 8.f3 b5 9.h4 Bb7
10.Rg1 Nfd7 11.g5 hxg5 12.hxg5 g6 13.Qd2 Nc6 14.O-O-O Qa5 15.Kb1 Rc8 16.a3 Qc7
17.f4 Nxd4 18.Bxd4 e5 19.Be3 exf4 20.Bxf4 Ne5 21.Rg3 Rd8 22.Nxb5 Qb8 23.Rb3 Be7
24.Nc3 Qc7 25.Nd5 Bxd5 26.Qxd5  1-0

[Event "Novi Sad ol (Men)"]
[Site "Novi Sad"]
[Date "1990.??.??"]
[Round "5"]
[White "Wojtkiewicz, Aleksander"]
[Black "Ljubojevic, Ljubomir"]
[Result "1/2-1/2"]
[WhiteElo "2515"]
[BlackElo "2600"]

1.Nf3 c5 2.c4 g6 3.g3 Bg7 4.Bg2 Nc6 5.Nc3 d6 6.O-O Bf5 7.d3 Qd7 8.Bd2 Bh3
9.a3 Bxg2 10.Kxg2 e6 11.Rb1 Nge7 12.b4 h6 13.h4 f5 14.Qc1 Kf7 15.Re1 Kg8
16.Qd1 Kh7 17.Qb3 b6 18.b5 Nd8 19.e4 Nf7 20.Re2 Bf6 21.Rh1 Kg7 22.h5 g5 23.exf5 Nxf5
24.Ne4 g4 25.Nh2 Nd4 26.Qd1 Nxe2 27.Qxe2 Bd4 28.Qxg4+ Kf8 29.Nf3 Bg7 30.Rh4 Rg8
31.Qg6 Ke7 32.Rf4 Raf8 33.Nh4 Kd8 34.Qh7 Be5 35.Ng6 Bxf4 36.Bxf4  1/2-1/2

[Event "Novi Sad ol (Men)"]
[Site "Novi Sad"]
[Date "1990.??.??"]
[Round "8"]
[White "Wojtkiewicz, Aleksander"]
[Black "Tomorhuyag, Nyamaa"]
[Result "1-0"]
[WhiteElo "2515"]
[BlackElo "2360"]

1.Nf3 Nf6 2.c4 c5 3.g3 b6 4.Bg2 Bb7 5.Nc3 g6 6.O-O Bg7 7.d4 cxd4 8.Qxd4 Nc6
9.Qf4 Rc8 10.Rb1 Qc7 11.Qxc7 Rxc7 12.b3 O-O 13.e4 Nb4 14.Ba3 a5 15.Nd2 Bc6
16.Bb2 Ng4 17.a3 Nd3 18.Ba1 d6 19.h3 Nf6 20.Rfd1 Nc5 21.b4 Na4 22.Ne2 Nd7
23.Nd4 Ba8 24.Bf1 h5 25.Bd3 axb4 26.axb4 Bc6 27.N2f3 Ne5 28.Nxe5 Bxe5 29.Rb3 Bd7
30.Ra3 Rb8 31.Kg2 Rbc8 32.Rd2 b5 33.Nxb5 Bxb5 34.Bxe5 dxe5 35.cxb5 Nb6 36.Ra6 Rb8
37.Rc2 Rd7 38.Rc3 Rd4 39.Rb3 Nc4 40.Rc6 Nd2 41.Rbc3 Nxe4 42.Rc8+ Rxc8 43.Rxc8+ Kg7
44.b6 Nd6 45.Bc4 Rd2 46.Ba6 Rb2 47.b5 e4 48.b7 Nxb7 49.Bxb7 Rxb5 50.Bxe4 Rb4
51.Bf3 Ra4 52.Ra8 Rb4 53.Ra7 Kf8 54.Bd5 Rd4 55.Ba2 Rb4 56.Ra3 Rb2 57.Bd5 Rb5
58.Rd3 Kg7 59.Bb3 Rb7 60.Rf3 e6 61.Rd3 Kf8 62.Bd1 Ke7 63.Bf3 Rc7 64.Rb3 Kf8
65.Rb6 Rc3 66.Rc6 Ra3 67.Rc7 Rb3 68.Bd1 Ra3 69.Bc2 Kg7 70.Bb1 Kf6 71.Kh2 Rb3
72.Bc2 Ra3 73.Bd1 Rd3 74.Ba4 Rd8 75.Kg2 Rb8 76.Bc6 Rd8 77.Bb5 Rb8 78.Bf1 Rb1
79.Ba6 Rb6 80.Bc8 Rb8 81.Kf1 Rb2 82.Kg1 Rb1+ 83.Kg2 Rb3 84.Bb7 Ra3 85.Rd7 Rb3
86.Kh2 Rb2 87.Kg1 Rb3 88.Kg2 Rb2 89.Ba8 Ra2 90.Be4 Ra3 91.Bf3 Rc3 92.Ra7 Rc2
93.Kg1 Rc3 94.Kg2 Rc2 95.Ra8 Rc3 96.Ra2 Rc7 97.Re2 Rc3 98.Rb2 Rc7 99.Rb7 Rc3
100.g4 hxg4 101.hxg4 Rc5 102.Be2 Rc2 103.Bb5 Rc8 104.g5+ Kg7 105.Bd7 Rc5
106.Bxe6 Rxg5+ 107.Kf1  1-0

[Event "Ostend op"]
[Site "Ostend"]
[Date "1990.??.??"]
[Round "?"]
[White "Degraeve, Jean Marc"]
[Black "Wojtkiewicz, Aleksander"]
[Result "1-0"]
[WhiteElo "2375"]
[BlackElo "2550"]

1.e4 c5 2.Nf3 d6 3.d4 cxd4 4.Nxd4 Nf6 5.Nc3 a6 6.Be3 e6 7.f3 Nc6 8.g4 Be7
9.Qd2 O-O 10.O-O-O Nd7 11.h4 Nxd4 12.Bxd4 b5 13.Qf2 Qa5 14.Kb1 b4 15.Ne2 e5
16.Be3 Nc5 17.Ng3 Be6 18.b3 Rfc8 19.Nf5 Bf8 20.Bxc5 Rxc5 21.Ne3 Rac8 22.Bc4 Qa3
23.Bxe6 fxe6 24.Nc4 Rxc4 25.bxc4 Rxc4 26.Qb6 Qa4 27.Rh2 Rc3 28.Rxd6 Bxd6
29.Qxd6 Rxf3 30.Qxe6+ Kf8 31.Qd6+ Kg8 32.Qd5+ Kf8 33.Qc5+ Kf7 34.Qc4+ Kg6
35.Rh3 Rf6 36.h5+ Kg5 37.Qc7 Rf1+ 38.Kb2 Kxg4 39.Qc8+ Kg5 40.h6 g6 41.Qd8+ Rf6
42.Rg3+ Kf4 43.Rg1 Qc6 44.Qd2+ Kxe4 45.Qd3+ Kf4 46.Qg3+ Ke4 47.Re1+  1-0

[Event "Reykjavik op"]
[Site "Reykjavik"]
[Date "1990.??.??"]
[Round "3"]
[White "Wojtkiewicz, Aleksander"]
[Black "Gausel, Einar"]
[Result "1-0"]
[WhiteElo "2550"]
[BlackElo "2440"]

1.Nf3 f5 2.b3 d6 3.d4 g6 4.Bb2 Bg7 5.g3 Nf6 6.Bg2 O-O 7.O-O a5 8.c4 a4 9.Nbd2 e5
10.dxe5 Nfd7 11.Nd4 Nxe5 12.Qc2 Qe7 13.b4 c5 14.bxc5 dxc5 15.Bd5+ Kh8 16.N4f3 Nec6
17.a3 Nd7 18.Bxg7+ Qxg7 19.Rab1 Nf6 20.Rb5 Nxd5 21.cxd5 Nd4 22.Nxd4 cxd4
23.Nf3 f4 24.Qd2 fxg3 25.hxg3 Ra6 26.Qxd4 Raf6 27.Ng5 Bf5 28.e4 Bc8 29.f4 Kg8
30.e5 Rf5 31.g4 Rxg5 32.fxg5 Rxf1+ 33.Kxf1 Qf8+ 34.Kg2 Qxa3 35.e6 Qd6 36.Qf6 Qc7
37.Rb2 Qd6 38.Qf7+ Kh8 39.e7  1-0

[Event "Reykjavik op"]
[Site "Reykjavik"]
[Date "1990.??.??"]
[Round "4"]
[White "Arnason, Jon L"]
[Black "Wojtkiewicz, Aleksander"]
[Result "1/2-1/2"]
[WhiteElo "2500"]
[BlackElo "2550"]

1.e4 c5 2.Nf3 d6 3.d4 cxd4 4.Nxd4 Nf6 5.Nc3 a6 6.Be2 e6 7.O-O Be7 8.f4 O-O
9.Bf3 Qc7 10.Be3 Re8 11.Qd2 e5 12.Nf5 Bxf5 13.exf5 Nbd7 14.g4 d5 15.Nxd5 Nxd5
16.Bxd5 Nf6 17.fxe5 Bc5 18.Bf3 Rad8 19.Qf2 Bxe3  1/2-1/2

[Event "Reykjavik op"]
[Site "Reykjavik"]
[Date "1990.??.??"]
[Round "5"]
[White "Wojtkiewicz, Aleksander"]
[Black "Bronstein, David I"]
[Result "1/2-1/2"]
[WhiteElo "2550"]
[BlackElo "2445"]

1.Nf3 Nf6 2.c4 g6 3.g3 Bg7 4.Bg2 c6 5.d4 d5 6.Qb3 O-O 7.Nc3 Qb6 8.O-O dxc4
9.Qxc4 Na6 10.h3 Be6 11.Qa4 c5 12.dxc5 Nxc5 13.Qh4 Rac8 14.Ng5 h6 15.Nxe6 Nxe6
16.Bxh6 Qxb2 17.Nd5 Nxd5 18.Bxd5 Qe5 19.Bxb7 Rc2 20.Bxg7 Kxg7 21.e3 Rb8 22.Bg2 Rbb2
23.Qxe7 Qf5 24.Qa3 Ng5 25.e4  1/2-1/2

[Event "Reykjavik op"]
[Site "Reykjavik"]
[Date "1990.??.??"]
[Round "6"]
[White "Makarichev, Sergey"]
[Black "Wojtkiewicz, Aleksander"]
[Result "1-0"]
[WhiteElo "2510"]
[BlackElo "2550"]

1.c4 c5 2.Nf3 Nf6 3.Nc3 e6 4.e3 d5 5.cxd5 exd5 6.d4 Nc6 7.Bb5 Bd6 8.dxc5 Bxc5
9.O-O O-O 10.b3 a6 11.Bxc6 bxc6 12.Bb2 Bg4 13.Qc2 Bd6 14.Ne2 Ne4 15.Ng3 Qe8
16.Nxe4 Qxe4 17.Qxc6 Rad8 18.Qc3 f6 19.Nd4 Qg6 20.Qc2 Qh5 21.f4 Rfe8 22.Qf2 Re4
23.h3 Bd7 24.Ne2 Qg6 25.Ng3 Re7 26.Bd4 h5 27.Kh1 Bb5 28.Rfd1 Ba3 29.Qf3 h4
30.Ne2 Bd3  1-0

[Event "Reykjavik op"]
[Site "Reykjavik"]
[Date "1990.??.??"]
[Round "8"]
[White "Thorsteins, Karl"]
[Black "Wojtkiewicz, Aleksander"]
[Result "0-1"]
[WhiteElo "2455"]
[BlackElo "2550"]

1.d4 Nf6 2.c4 c5 3.d5 d6 4.Nc3 g6 5.e4 Bg7 6.Bd3 O-O 7.h3 a6 8.Nf3 b5 9.O-O b4
10.Ne2 e6 11.Bg5 h6 12.Be3 exd5 13.exd5 Nbd7 14.Qd2 Kh7 15.g4 Re8 16.Ng3 a5
17.Rae1 Nb6 18.Kg2 Ba6 19.Qc1 Nbxd5 20.Bd2 Rxe1 21.Rxe1 Nc7 22.Bxh6 Bxh6
23.g5 Bb7 24.gxh6 Ne6 25.Bxg6+ Kxg6 26.Qc2+ Kxh6 27.Nf5+ Kh5 28.Ng3+ Kh6
29.Nf5+ Kh7 30.Nxd6+ Kg7 31.Nxb7 Qd7 32.Qf5 Qxb7 33.Rg1 Qe7 34.Ne5 Rg8 35.Kf1+ Kf8
36.Rxg8+ Kxg8 37.Nc6 Qd6 38.Nxa5 Nf4 39.Kg1 Qd1+ 40.Kh2 Qd4 41.Kg1 Ne6 42.Nb3 Qd1+
43.Kg2 Nd7 44.Qf3 Qxf3+ 45.Kxf3 Ne5+ 46.Ke4 Nxc4 47.Nxc5 Nxc5+ 48.Kd4 Nxb2
49.Kxc5 Nd3+ 50.Kc4 Nc1 51.Kxb4 Nxa2+ 52.Kc4 Nc1 53.Kd4 Kg7 54.Ke4 Nb3 55.Ke5 Nc5
56.Kf5 Nd7 57.Kg5 Nf6 58.f4 Ng8 59.h4 Ne7 60.Kh5 f6  0-1

[Event "Reykjavik op"]
[Site "Reykjavik"]
[Date "1990.??.??"]
[Round "9"]
[White "Wojtkiewicz, Aleksander"]
[Black "Mortensen, Erling"]
[Result "0-1"]
[WhiteElo "2550"]
[BlackElo "2480"]

1.Nf3 Nf6 2.c4 g6 3.g3 Bg7 4.Bg2 O-O 5.d4 c6 6.Nc3 d6 7.O-O Bf5 8.Nh4 Be6
9.d5 cxd5 10.cxd5 Bd7 11.e4 Na6 12.h3 Nc5 13.Be3 Qa5 14.Bd4 Na4 15.Nxa4 Bxa4
16.b3 Bb5 17.Re1 Rfe8 18.Nf3 Qa3 19.Qd2 a5 20.Bb2 Qb4 21.Bc3 Qc5 22.Rac1 Qb6
23.a4 Bd7 24.e5 dxe5 25.Nxe5 Qxb3 26.Nxd7 Nxd7 27.Bxg7 Kxg7 28.Qd4+ Nf6 29.Rb1 Qa3
30.Rxb7 Qd6 31.Rb6 Qd8 32.Qb2 Ra7 33.d6 exd6 34.Rxe8 Qxe8 35.Rxd6 Qe7 36.Qd2 Rc7
37.Ra6 Rd7 38.Qc3 h5 39.Kh2 Rd1  0-1

[Event "Reykjavik op"]
[Site "Reykjavik"]
[Date "1990.??.??"]
[Round "10"]
[White "Bjornsson, Tomas"]
[Black "Wojtkiewicz, Aleksander"]
[Result "1-0"]
[WhiteElo "2300"]
[BlackElo "2550"]

1.e4 c5 2.Nf3 d6 3.d4 cxd4 4.Nxd4 Nf6 5.Nc3 a6 6.Bg5 e6 7.f4 Qc7 8.Qf3 b5
9.a3 Nbd7 10.g4 Rb8 11.Bxf6 Nxf6 12.f5 b4 13.axb4 Rxb4 14.O-O-O e5 15.Nb3 Bb7
16.Bd3 d5 17.exd5 Rxb3 18.cxb3 Bxd5 19.Qe2 Bxh1 20.Rxh1 Bb4 21.Bb5+ Ke7 22.Bc4 Qa5
23.Nd5+ Nxd5 24.Qxe5+ Kf8 25.Bxd5 Qc5+ 26.Kb1 Qd6 27.Qe4 Qe7 28.Qc4 a5 29.Rc1 g6
30.Qd4 f6 31.Qb6 Bd6 32.Rc6 Be5 33.Re6 Qb4 34.Rxf6+ Kg7 35.Rxg6+  1-0

[Event "Stara Zagora zt-B"]
[Site "Stara Zagora"]
[Date "1990.??.??"]
[Round "2"]
[White "Wojtkiewicz, Aleksander"]
[Black "Stohl, Igor"]
[Result "1/2-1/2"]
[WhiteElo "2550"]
[BlackElo "2530"]

1.Nf3 Nf6 2.c4 g6 3.g3 Bg7 4.Bg2 O-O 5.d4 d5 6.cxd5 Nxd5 7.O-O Nb6 8.Nc3 Nc6
9.d5 Na5 10.e4 c6 11.Bg5 h6 12.Bf4 Nac4 13.Qe2 cxd5 14.exd5 e5 15.dxe6 Bxe6  1/2-1/2

[Event "Stara Zagora zt-B"]
[Site "Stara Zagora"]
[Date "1990.??.??"]
[Round "4"]
[White "Wojtkiewicz, Aleksander"]
[Black "Ionescu, Constantin"]
[Result "1/2-1/2"]
[WhiteElo "2550"]
[BlackElo "2455"]

1.Nf3 Nf6 2.c4 c5 3.g3 b6 4.Bg2 Bb7 5.Nc3 e6 6.O-O a6 7.d4 cxd4 8.Qxd4 d6
9.Rd1 Be7 10.Bg5 Nbd7 11.Qd2 Qc8 12.Bf4 Nc5 13.Qe3 Qc7 14.b4 Ncd7 15.Qd2 e5
16.Bg5 O-O 17.Rac1 Rab8 18.Qb2 h6 19.Bxf6 Nxf6 20.Nh4 Rfc8 21.Bxb7 Qxb7 22.Qb3 Qd7
23.Ng2 Qe6 24.Ne3 b5 25.Ncd5 Ne8 26.a4 bxc4 27.Rxc4 Bg5 28.Rxc8 Qxc8 29.Nc4 Kf8
30.b5 axb5 31.axb5 Qc5 32.b6 Bd8 33.e4 g6 34.h4 Ng7 35.Nde3 Bxb6  1/2-1/2

[Event "Stara Zagora zt-B"]
[Site "Stara Zagora"]
[Date "1990.??.??"]
[Round "5"]
[White "Schneider, Attila"]
[Black "Wojtkiewicz, Aleksander"]
[Result "0-1"]
[WhiteElo "2425"]
[BlackElo "2550"]

1.Nf3 c5 2.c4 Nf6 3.g3 b6 4.Bg2 Bb7 5.O-O e6 6.Nc3 a6 7.b3 d6 8.d4 cxd4 9.Qxd4 Nbd7
10.Rd1 Be7 11.e4 Qc8 12.Ba3 Nc5 13.e5 Bxf3 14.Bxf3 dxe5 15.Qe3 Rb8 16.Na4 Nxa4
17.Bxe7 Kxe7 18.Qxe5 Qc5 19.Qe1 Nb2 20.Rd2 Nxc4 21.bxc4 Rhd8 22.Rad1 Rd7
23.Rxd7+ Nxd7 24.Qd2 Qc7 25.Qc3 g6 26.Kg2 Rd8 27.Qe3 h5 28.h3 Qc5 29.Qd2 a5
30.Qd3 Qc7 31.Qe3 Nf6 32.Rb1 Rd6 33.Qa3 Nd7 34.Qc1 Qc5 35.Rb5 Qd4 36.a4 Nc5
37.Qg5+ Ke8 38.Rb1 Qxc4 39.Qe5 Qd4 40.Bc6+ Ke7 41.Qxd4 Rxd4 42.Ra1 h4  0-1

[Event "Stara Zagora zt-B"]
[Site "Stara Zagora"]
[Date "1990.??.??"]
[Round "12"]
[White "Hracek, Zbynek"]
[Black "Wojtkiewicz, Aleksander"]
[Result "1/2-1/2"]
[WhiteElo "2390"]
[BlackElo "2550"]

1.e4 c5 2.Nf3 d6 3.d4 cxd4 4.Nxd4 Nf6 5.Nc3 a6 6.Bc4 e6 7.Bb3 Nbd7 8.Bg5 h6
9.Bh4 Qa5 10.O-O Qh5 11.Qxh5 Nxh5 12.f3 Nc5 13.Na4 Nxa4 14.Bxa4+ Bd7 15.Bb3 Be7
16.Bxe7 Kxe7 17.Rfd1 Rhd8 18.Rd2 Rac8 19.Rad1 Nf6 20.Kf2 Be8 21.Ne2 Bb5 22.Rd4 Bc6
23.a4 b6 24.a5 b5 25.c3 Bb7 26.Nc1 g5 27.h3 d5 28.e5 Nd7 29.Nd3 f6 30.exf6+ Kxf6
31.f4 Rf8 32.g4 Ke7 33.Kg3 Kd6 34.f5 e5 35.Nxe5 Nxe5 36.Rxd5+ Bxd5 37.Rxd5+ Kc7
38.Rxe5 Rcd8 39.Kf3 Rd2 40.Re7+ Kd6 41.Re6+ Kc5 42.Re5+ Kd6 43.Re6+ Kc5 44.Rxh6 Rxb2
45.Be6 Rc2 46.h4 Rxc3+ 47.Ke4 Rg3 48.f6 gxh4 49.Kf4 b4 50.g5 b3 51.Rxh4 b2
52.Rh1 Rg2 53.Kf5 Kd4 54.f7 Rf2+ 55.Kg6 Ke5 56.Re1+ Kd6 57.Ba2 b1=Q+ 58.Rxb1 Rxa2
59.Kg7 Rxf7+ 60.Kxf7 Rxa5 61.g6 Rf5+ 62.Ke8 Re5+ 63.Kf7 Rf5+ 64.Kg7 Kc5 65.Kh6 Rf6
66.Rb8 a5 67.Kg5 Rf1 68.g7 Rg1+ 69.Kf6 a4  1/2-1/2

[Event "Stara Zagora zt-B"]
[Site "Stara Zagora"]
[Date "1990.??.??"]
[Round "13"]
[White "Wojtkiewicz, Aleksander"]
[Black "Marin, Mihail"]
[Result "1/2-1/2"]
[WhiteElo "2550"]
[BlackElo "2485"]

1.Nf3 Nf6 2.c4 g6 3.g3 Bg7 4.Bg2 O-O 5.d4 d6 6.Nc3 c5 7.O-O Nc6 8.d5 Na5
9.Nd2 a6 10.Qc2 Rb8 11.b3 b5 12.Bb2 Bh6 13.f4 bxc4 14.bxc4 e5 15.dxe6 Bxe6
16.Nd5 Rxb2 17.Qxb2 Bg7 18.Qa3 Nxc4 19.Nxc4 Nxd5 20.Rac1 Nb4 21.Rfd1 d5 22.Kh1 dxc4
23.Rxd8 Rxd8 24.Qa5 Rd2 25.Qxc5 Nxa2 26.Rb1 Bb2 27.g4 c3 28.Qe5 h5 29.gxh5 c2
30.Qb8+ Kh7 31.hxg6+ fxg6 32.Rf1 c1=Q 33.Rxc1 Nxc1 34.h4 Nxe2 35.Qb4 Bc3
36.Qe7+ Bg7 37.Qxe6 Nxf4 38.Qe3 Rxg2  1/2-1/2

[Event "Valencia op"]
[Site "Valencia"]
[Date "1990.??.??"]
[Round "?"]
[White "Wojtkiewicz, Aleksander"]
[Black "Eslon, Jaan"]
[Result "1/2-1/2"]
[WhiteElo "2550"]
[BlackElo "2360"]

1.Nf3 g6 2.c4 Bg7 3.d4 Nf6 4.g3 O-O 5.Bg2 c6 6.Nc3 d5 7.Qb3 Na6 8.O-O dxc4
9.Qxc4 Qa5 10.h3 Be6 11.Qd3 Nb4 12.Qb1 Nbd5 13.Bd2 Nxc3 14.bxc3 Qa6 15.Re1 Bc4
16.Bf1 Nd7 17.Bg5 e5 18.Nd2 Be6 19.Be7  1/2-1/2

[Event "Valencia op"]
[Site "Valencia"]
[Date "1990.??.??"]
[Round "?"]
[White "Wojtkiewicz, Aleksander"]
[Black "Anguix Garrido, Juan Francisco"]
[Result "1-0"]
[WhiteElo "2550"]
[BlackElo "2305"]

1.Nf3 d6 2.d4 Bg4 3.c4 Nd7 4.g3 c6 5.Bg2 e5 6.Nc3 Ngf6 7.O-O Be7 8.h3 Bh5
9.Nh4 O-O 10.Nf5 Re8 11.Nxe7+ Rxe7 12.b3 Re8 13.d5 c5 14.Qc2 a6 15.a4 e4
16.Nxe4 Bg6 17.Nxf6+ Qxf6 18.Qa2 Qc3 19.Bd2 Qc2 20.Rfe1 Nf6 21.Bf4 Rad8 22.a5 Rd7
23.Qxc2 Bxc2 24.Rec1 Bf5 25.g4 Bg6 26.Kf1 Kf8 27.f3  1-0

[Event "Valencia op"]
[Site "Valencia"]
[Date "1990.??.??"]
[Round "?"]
[White "Wojtkiewicz, Aleksander"]
[Black "Komljenovic, Davor"]
[Result "1-0"]
[WhiteElo "2550"]
[BlackElo "2470"]

1.Nf3 Nf6 2.c4 g6 3.b3 Bg7 4.Bb2 O-O 5.g3 c6 6.Bg2 d5 7.O-O Nbd7 8.Qc2 b6
9.d4 Bb7 10.Nc3 Ba6 11.Nd2 Rc8 12.e4 dxe4 13.Ncxe4 Nxe4 14.Nxe4 b5 15.c5 b4
16.Rfe1 Bb5 17.Rad1 Qa5 18.Bc1 Nf6 19.Nxf6+ Bxf6 20.Bf4 Rfd8 21.Be5 Bxe5
22.Rxe5 Qc7 23.Qe4 e6 24.Qe3 a5 25.h4 a4 26.h5 axb3 27.axb3 Ra8 28.Bf3 Qe7
29.Kg2 Qf6 30.Rh1 Ra3 31.hxg6 hxg6 32.Re4 Rd5 33.Reh4 Rf5 34.Be4 Rh5 35.Rxh5 gxh5
36.Rxh5 Kf8 37.Rh6 Qg7 38.Qf4 Qxd4 39.Rxe6 Ra8  1-0

[Event "Valencia op"]
[Site "Valencia"]
[Date "1990.??.??"]
[Round "?"]
[White "Piza Cortizo, Daniel"]
[Black "Wojtkiewicz, Aleksander"]
[Result "1-0"]
[WhiteElo "2295"]
[BlackElo "2550"]

1.d4 Nf6 2.c4 c5 3.d5 d6 4.Nc3 g6 5.e4 Bg7 6.Nf3 O-O 7.h3 e6 8.Bd3 Re8 9.O-O Na6
10.Bg5 h6 11.Be3 Nc7 12.Qd2 Kh7 13.e5 dxe5 14.d6 Na6 15.Nxe5 Rf8 16.Nxf7 Rxf7
17.Bxg6+ Kg8 18.Bxf7+ Kxf7 19.Bxh6 Bd7 20.Bxg7 Kxg7 21.Rae1 Qh8 22.Ne4 Qh4
23.Nxf6 Qxf6 24.Re3 Bc6 25.Qe2 Kf7 26.Qh5+ Kf8 27.Rfe1  1-0

[Event "Valencia op"]
[Site "Valencia"]
[Date "1990.??.??"]
[Round "?"]
[White "Gonzales, JA."]
[Black "Wojtkiewicz, Aleksander"]
[Result "1/2-1/2"]
[WhiteElo "2310"]
[BlackElo "2550"]

1.c4 g6 2.Nc3 Bg7 3.g3 Nf6 4.Bg2 O-O 5.Nf3 d6 6.O-O Nc6 7.d3 e5 8.a3 a5 9.Rb1 Re8
10.Bg5 h6 11.Bxf6 Bxf6 12.Nd5 Bg7 13.b4 axb4 14.axb4 e4 15.dxe4 Rxe4 16.Nd2 Re8
17.b5 Ne7 18.e3 Nxd5 19.Bxd5 Rb8 20.Qf3 Qe7 21.Rfc1 h5 22.h4 Bg4  1/2-1/2

[Event "Valencia op"]
[Site "Valencia"]
[Date "1990.??.??"]
[Round "?"]
[White "Garcia Fernandez, Carlos"]
[Black "Wojtkiewicz, Aleksander"]
[Result "0-1"]
[WhiteElo "2315"]
[BlackElo "2550"]

1.e4 d6 2.d4 Nf6 3.Nc3 g6 4.Be2 Bg7 5.h4 c5 6.dxc5 Qa5 7.Bd2 Qxc5 8.h5 a6
9.Nh3 Nbd7 10.Nf4 b5 11.h6 Bf8 12.a4 b4 13.Ncd5 Qa7 14.f3 e5 15.Nxf6+ Nxf6
16.Nd3 a5 17.Nf2 Be7 18.Bb5+ Bd7 19.Bxd7+ Qxd7 20.Bg5 O-O 21.Qd2 Rfc8 22.Nd1 Rc5
23.c3 d5 24.Bxf6 Bxf6 25.O-O Qa7 26.Kh1 Qb7 27.Ne3 bxc3 28.bxc3 dxe4 29.Qd6 Be7
30.Qd1 Bg5 31.Rb1 Qc6 32.Ng4 exf3 33.Rxf3 Rc4 34.Qb3 Rf8 35.Rbf1 Rxg4  0-1

[Event "Vienna op"]
[Site "Vienna"]
[Date "1990.??.??"]
[Round "1"]
[White "Samuelsson, Sven Gunnar"]
[Black "Wojtkiewicz, Aleksander"]
[Result "0-1"]
[WhiteElo "2205"]
[BlackElo "2515"]

1.d4 Nf6 2.c4 c5 3.e3 g6 4.Nf3 Bg7 5.Nc3 O-O 6.Be2 d6 7.O-O Bf5 8.b3 Nc6
9.Bb2 cxd4 10.Nxd4 Nxd4 11.exd4 d5 12.cxd5 Nxd5 13.Nxd5 Qxd5 14.Bf3 Qd7 15.Qd2 Rac8
16.Rac1 Be6 17.Qb4 b6 18.Ba3 Bf6 19.Rfd1 Bd5 20.Be2 Rfd8 21.Ba6 Rxc1 22.Rxc1 Bxg2
23.Kxg2 Qg4+ 24.Kf1 Rxd4 25.Bc4 Re4 26.Rc3 Bxc3 27.Qxc3 Qd1+ 28.Kg2 Rg4+
29.Kh3 Qd7 30.Bb5 Qf5  0-1

[Event "Vienna op"]
[Site "Vienna"]
[Date "1990.??.??"]
[Round "2"]
[White "Wojtkiewicz, Aleksander"]
[Black "Felsberger, Alfred"]
[Result "1-0"]
[WhiteElo "2515"]
[BlackElo "2310"]

1.Nf3 c5 2.c4 Nf6 3.g3 b6 4.Bg2 Bb7 5.O-O e6 6.Nc3 d6 7.Re1 Be7 8.e4 a6 9.d4 cxd4
10.Nxd4 Qc7 11.Be3 O-O 12.Rc1 Nbd7 13.f4 Rfe8 14.Bf2 Bf8 15.Qe2 g6 16.e5 Bxg2
17.Kxg2 dxe5 18.fxe5 Nh5 19.Nf3 Rac8 20.b3 Red8 21.Bd4 Bc5 22.Red1 Ng7 23.Bxc5 Nxc5
24.b4 Rxd1 25.Rxd1 Nd7 26.Ne4 Ne8 27.Nf2 a5 28.a3 axb4 29.axb4 Nb8 30.Ng4 h5
31.Nf2 Nc6 32.Qb2 Qe7 33.Rb1 Ng7 34.Ne4 Nf5 35.Qc3 Na7 36.Kf2 Nb5 37.Qc1 Kg7
38.Nf6 Nfd4 39.Nxd4 Nxd4 40.Qg5 Rxc4 41.Nxh5+ Kf8 42.Qh6+ Ke8 43.Nf6+ Kd8
44.Qh8+ Kc7 45.Ra1 Rc2+ 46.Kf1 Kc6 47.Qc8+ Kb5 48.Qa6+ Kc6 49.Qa4+ Kc7 50.Qa7+  1-0